[Event "Campeonato de España Rapid 2017"]
[Site "Linares"]
[Date "2017.08.13"]
[Round "1"]
[White "Rivas Diaz, Pablo"]
[Black "Moreno Ruiz, Javier"]
[Result "0-1"]
[Board "26"]
[WhiteElo "1997"]
[WhiteCountry "ESP"]
[WhiteFideId "22289291"]
[WhiteEloChange "-2"]
[BlackTitle "IM"]
[BlackElo "2471"]
[BlackCountry "ESP"]
[BlackFideId "2203146"]
[BlackEloChange "1"]

1. e4 {[%clk 0:15:07]} e6 {[%clk 0:15:02]} 2. d4 {[%clk 0:15:07]} d5 {[%clk
0:15:06]} 3. Nd2 {[%clk 0:15:09]} Nf6 {[%clk 0:15:09]} 4. e5 {[%clk 0:15:10]}
Nfd7 {[%clk 0:15:13]} 5. Bd3 {[%clk 0:15:10]} c5 {[%clk 0:15:16]} 6. c3 {[%clk
0:15:11]} Nc6 {[%clk 0:15:19]} 7. Ngf3 {[%clk 0:15:12]} h6 {[%clk 0:15:21]} 8.
O-O {[%clk 0:15:06]} g5 {[%clk 0:15:25]} 9. h3 {[%clk 0:15:08]} h5 {[%clk
0:15:18]} 10. dxc5 {[%clk 0:14:23]} g4 {[%clk 0:15:02]} 11. Nd4 {[%clk 0:13:24]}
Ndxe5 {[%clk 0:14:59]} 12. N2b3 {[%clk 0:10:24]} gxh3 {[%clk 0:13:14]} 13. f4
{[%clk 0:09:58]} Nxd3 {[%clk 0:12:48]} 14. Qxd3 {[%clk 0:09:59]} hxg2 {[%clk
0:12:27]} 15. Rf2 {[%clk 0:09:20]} Rg8 {[%clk 0:10:20]} 16. Bd2 {[%clk 0:08:38]}
Bd7 {[%clk 0:09:29]} 17. Re1 {[%clk 0:07:57]} Qh4 {[%clk 0:09:13]} 18. Rxg2
{[%clk 0:07:51]} Rxg2+ {[%clk 0:09:14]} 19. Kxg2 {[%clk 0:07:53]} O-O-O {[%clk
0:09:10]} 20. Rh1 {[%clk 0:07:31]} Qg4+ {[%clk 0:07:51]} 21. Qg3 {[%clk 0:07:33]}
e5 {[%clk 0:04:57]} 22. Qxg4 {[%clk 0:07:27]} Bxg4 {[%clk 0:04:51]} 23. Nxc6
{[%clk 0:07:21]} bxc6 {[%clk 0:04:49]} 24. fxe5 {[%clk 0:07:18]} Re8 {[%clk
0:04:39]} 25. Bf4 {[%clk 0:05:39]} f6 {[%clk 0:04:33]} 26. exf6 {[%clk 0:05:17]}
Re6 {[%clk 0:03:53]} 27. Bg5 {[%clk 0:03:55]} Re5 {[%clk 0:03:49]} 28. Bh4 {[%clk
0:03:28]} Re2+ {[%clk 0:03:36]} 29. Kg3 {[%clk 0:03:24]} Kd7 {[%clk 0:03:34]} 30.
c4 {[%clk 0:02:21]} dxc4 {[%clk 0:02:53]} 31. Na5 {[%clk 0:01:54]} Re4 {[%clk
0:02:09]} 32. Rc1 {[%clk 0:01:26]} Bxc5 {[%clk 0:02:00]} 33. Nxc4 {[%clk
0:01:27]} Ke6 {[%clk 0:01:56]} 34. Kg2 {[%clk 0:01:02]} Bd4 {[%clk 0:01:31]} 35.
f7 {[%clk 0:00:51]} Re2+ {[%clk 0:01:20]} 36. Kg3 {[%clk 0:00:53]} Kxf7 {[%clk
0:01:14]} 37. Rf1+ {[%clk 0:00:26]} Ke6 {[%clk 0:01:07]} 38. Rf8 {[%clk 0:00:15]}
Kd5 {[%clk 0:00:49]} 39. b3 {[%clk 0:00:17]} Rxa2 {[%clk 0:00:42]} 40. Rd8+
{[%clk 0:00:20]} Ke4 {[%clk 0:00:45]} 41. Re8+ {[%clk 0:00:17]} Kd3 {[%clk
0:00:44]} 42. Rd8 {[%clk 0:00:16]} Kc3 {[%clk 0:00:42]} 43. Bg5 {[%clk 0:00:18]}
Bf2+ {[%clk 0:00:40]} 44. Kf4 {[%clk 0:00:20]} Kxb3 {[%clk 0:00:44]} 45. Ne5
{[%clk 0:00:20]} Ra4+ {[%clk 0:00:37]} 0-1

[Event "Campeonato de España Rapid 2017"]
[Site "Linares"]
[Date "2017.08.13"]
[Round "1"]
[White "Ortega Ruiz, Jose Miguel"]
[Black "Cernuda Orejas, Victor Manuel"]
[Result "1-0"]
[Board "27"]
[WhiteTitle "FM"]
[WhiteElo "2447"]
[WhiteCountry "ESP"]
[WhiteFideId "2209713"]
[WhiteEloChange "1"]
[BlackElo "1992"]
[BlackCountry "ESP"]
[BlackFideId "22220658"]
[BlackEloChange "-2"]

1. d4 {[%clk 0:15:05]} c6 {[%clk 0:15:07]} 2. Nf3 {[%clk 0:15:06]} d5 {[%clk
0:15:09]} 3. c4 {[%clk 0:15:07]} Nf6 {[%clk 0:15:11]} 4. Nc3 {[%clk 0:15:09]}
Nbd7 {[%clk 0:14:16]} 5. e3 {[%clk 0:14:51]} Nb6 {[%clk 0:14:16]} 6. b3 {[%clk
0:14:04]} Bg4 {[%clk 0:14:14]} 7. h3 {[%clk 0:13:50]} Bxf3 {[%clk 0:14:08]} 8.
Qxf3 {[%clk 0:13:53]} e6 {[%clk 0:14:07]} 9. Bd2 {[%clk 0:13:40]} Bb4 {[%clk
0:13:31]} 10. a3 {[%clk 0:13:00]} Bxc3 {[%clk 0:13:16]} 11. Bxc3 {[%clk 0:13:04]}
Ne4 {[%clk 0:13:15]} 12. Ba5 {[%clk 0:12:11]} Qf6 {[%clk 0:13:17]} 13. Qxf6
{[%clk 0:12:04]} Nxf6 {[%clk 0:13:02]} 14. f3 {[%clk 0:11:59]} Nbd7 {[%clk
0:12:17]} 15. g4 {[%clk 0:11:52]} h6 {[%clk 0:12:16]} 16. Bg2 {[%clk 0:10:38]}
O-O {[%clk 0:10:59]} 17. O-O-O {[%clk 0:09:21]} dxc4 {[%clk 0:10:33]} 18. bxc4
{[%clk 0:09:24]} Nb6 {[%clk 0:10:16]} 19. Bf1 {[%clk 0:09:21]} Rac8 {[%clk
0:09:54]} 20. e4 {[%clk 0:09:20]} Nbd7 {[%clk 0:08:27]} 21. e5 {[%clk 0:08:55]}
Nh7 {[%clk 0:08:11]} 22. f4 {[%clk 0:08:45]} Rfe8 {[%clk 0:07:42]} 23. Bg2 {[%clk
0:08:32]} Nb6 {[%clk 0:07:45]} 24. Bxb6 {[%clk 0:08:28]} axb6 {[%clk 0:07:49]}
25. Rd3 {[%clk 0:08:24]} Nf8 {[%clk 0:07:14]} 26. Kb2 {[%clk 0:08:09]} Red8
{[%clk 0:07:08]} 27. Rhd1 {[%clk 0:08:11]} Ng6 {[%clk 0:07:06]} 28. Rf1 {[%clk
0:08:08]} Ra8 {[%clk 0:06:45]} 29. Be4 {[%clk 0:08:02]} Ra4 {[%clk 0:06:27]} 30.
f5 {[%clk 0:07:36]} Nf8 {[%clk 0:06:06]} 31. Rc1 {[%clk 0:07:31]} Ra5 {[%clk
0:04:42]} 32. Rcc3 {[%clk 0:07:14]} b5 {[%clk 0:04:35]} 33. cxb5 {[%clk 0:06:39]}
Rxb5+ {[%clk 0:04:38]} 34. Rb3 {[%clk 0:06:43]} Rxb3+ {[%clk 0:04:27]} 35. Kxb3
{[%clk 0:06:47]} Nd7 {[%clk 0:04:21]} 36. Kc4 {[%clk 0:05:46]} Kf8 {[%clk
0:04:22]} 37. Rb3 {[%clk 0:05:46]} b5+ {[%clk 0:02:52]} 38. Kb4 {[%clk 0:05:49]}
Nb8 {[%clk 0:02:43]} 39. Kc5 {[%clk 0:05:00]} Ke7 {[%clk 0:01:56]} 40. fxe6
{[%clk 0:04:03]} fxe6 {[%clk 0:01:24]} 41. Rf3 {[%clk 0:04:03]} Na6+ {[%clk
0:00:56]} 42. Kb6 {[%clk 0:03:10]} Rxd4 {[%clk 0:00:46]} 43. Bxc6 {[%clk
0:02:04]} Nb8 {[%clk 0:00:36]} 44. Bxb5 {[%clk 0:02:03]} Re4 {[%clk 0:00:23]} 45.
a4 {[%clk 0:01:23]} Nd7+ {[%clk 0:00:27]} 46. Bxd7 {[%clk 0:01:17]} Kxd7 {[%clk
0:00:27]} 47. a5 {[%clk 0:01:26]} Rb4+ {[%clk 0:00:36]} 48. Kc5 {[%clk 0:01:29]}
Ra4 {[%clk 0:00:39]} 49. Kb5 {[%clk 0:01:33]} Ra1 {[%clk 0:00:43]} 50. Rf7+
{[%clk 0:01:36]} Kc8 {[%clk 0:00:47]} 51. Rxg7 {[%clk 0:01:40]} Rh1 {[%clk
0:00:24]} 52. a6 {[%clk 0:01:43]} Rb1+ {[%clk 0:00:26]} 53. Kc6 {[%clk 0:01:46]}
Rc1+ {[%clk 0:00:30]} 54. Kd6 {[%clk 0:01:50]} Ra1 {[%clk 0:00:33]} 55. a7 {[%clk
0:01:54]} Ra6+ {[%clk 0:00:35]} 56. Kc5 {[%clk 0:01:59]} Ra3 {[%clk 0:00:37]} 57.
a8Q+ {[%clk 0:01:52]} 1-0

[Event "Campeonato de España Rapid 2017"]
[Site "Linares"]
[Date "2017.08.13"]
[Round "1"]
[White "Gines Esteo, Pedro Antonio"]
[Black "Almagro Llamas, Pablo"]
[Result "1-0"]
[Board "28"]
[WhiteTitle "FM"]
[WhiteElo "1986"]
[WhiteCountry "ESP"]
[WhiteFideId "32080190"]
[WhiteEloChange "18"]
[BlackTitle "IM"]
[BlackElo "2446"]
[BlackCountry "ESP"]
[BlackFideId "2221799"]
[BlackEloChange "-9"]

1. d4 {[%clk 0:15:05]} Nf6 {[%clk 0:15:05]} 2. Nf3 {[%clk 0:15:05]} e6 {[%clk
0:15:05]} 3. e3 {[%clk 0:15:05]} b6 {[%clk 0:15:05]} 4. Bd3 {[%clk 0:15:05]} Bb7
{[%clk 0:15:05]} 5. O-O {[%clk 0:15:05]} d6 {[%clk 0:15:05]} 6. c4 {[%clk
0:15:05]} g6 {[%clk 0:15:05]} 7. Nc3 {[%clk 0:15:05]} Bg7 {[%clk 0:15:05]} 8. e4
{[%clk 0:15:05]} O-O {[%clk 0:15:05]} 9. h3 {[%clk 0:15:05]} Nbd7 {[%clk
0:15:05]} 10. Re1 {[%clk 0:15:05]} a6 {[%clk 0:15:05]} 11. Be3 {[%clk 0:15:05]}
c5 {[%clk 0:15:05]} 12. d5 {[%clk 0:15:05]} exd5 {[%clk 0:15:05]} 13. exd5 {[%clk
0:15:05]} b5 {[%clk 0:15:05]} 14. Bf4 {[%clk 0:15:05]} bxc4 {[%clk 0:15:05]} 15.
Bxc4 {[%clk 0:15:05]} Nb6 {[%clk 0:15:05]} 16. b3 {[%clk 0:15:05]} Qc7 {[%clk
0:15:05]} 17. Qd3 {[%clk 0:15:05]} Rfe8 {[%clk 0:14:57]} 18. Bh2 {[%clk 0:14:04]}
h6 {[%clk 0:11:10]} 19. Rab1 {[%clk 0:13:57]} Rxe1+ {[%clk 0:11:02]} 20. Rxe1
{[%clk 0:13:57]} Bc8 {[%clk 0:10:57]} 21. Qe3 {[%clk 0:11:32]} Bd7 {[%clk
0:09:15]} 22. Qe7 {[%clk 0:11:32]} Nc8 {[%clk 0:08:24]} 23. Qe2 {[%clk 0:11:32]}
Nb6 {[%clk 0:08:18]} 24. Bxa6 {[%clk 0:10:39]} Nbxd5 {[%clk 0:08:18]} 25. Nxd5
{[%clk 0:10:33]} Nxd5 {[%clk 0:08:18]} 26. Bc4 {[%clk 0:10:33]} Nb6 {[%clk
0:08:01]} 27. Bxf7+ {[%clk 0:10:14]} Kxf7 {[%clk 0:08:01]} 28. Qe7+ {[%clk
0:10:08]} Kg8 {[%clk 0:08:01]} 29. Bxd6 {[%clk 0:10:08]} Qc6 {[%clk 0:07:54]} 30.
Ne5 {[%clk 0:10:02]} Qb5 {[%clk 0:07:47]} 31. Qf7+ {[%clk 0:10:02]} Kh8 {[%clk
0:07:39]} 32. Nxg6+ {[%clk 0:10:02]} Kh7 {[%clk 0:07:39]} 33. Be5 {[%clk
0:09:55]} Rg8 {[%clk 0:07:39]} 34. Ne7 {[%clk 0:09:55]} Be6 {[%clk 0:07:34]} 35.
Qg6+ {[%clk 0:09:48]} 1-0

[Event "Campeonato de España Rapid 2017"]
[Site "Linares"]
[Date "2017.08.13"]
[Round "1"]
[White "Rubio Mejia, Luis Ignacio"]
[Black "Gutierrez Curras, Daniel"]
[Result "1-0"]
[Board "29"]
[WhiteTitle "IM"]
[WhiteElo "2437"]
[WhiteCountry "ESP"]
[WhiteFideId "2281228"]
[WhiteEloChange "1"]
[BlackElo "1984"]
[BlackCountry "ESP"]
[BlackFideId "2266300"]
[BlackEloChange "-2"]

1. d4 {[%clk 0:15:07]} Nf6 {[%clk 0:15:07]} 2. c4 {[%clk 0:15:11]} g6 {[%clk
0:15:10]} 3. Nc3 {[%clk 0:15:14]} Bg7 {[%clk 0:15:12]} 4. e4 {[%clk 0:15:17]} d6
{[%clk 0:15:16]} 5. Nf3 {[%clk 0:15:13]} O-O {[%clk 0:15:18]} 6. Be2 {[%clk
0:15:14]} Nbd7 {[%clk 0:15:21]} 7. O-O {[%clk 0:15:15]} e5 {[%clk 0:15:23]} 8. d5
{[%clk 0:15:18]} Nc5 {[%clk 0:15:26]} 9. Qc2 {[%clk 0:15:22]} a5 {[%clk 0:15:30]}
10. Bg5 {[%clk 0:15:25]} h6 {[%clk 0:15:34]} 11. Be3 {[%clk 0:15:28]} b6 {[%clk
0:15:21]} 12. Nd2 {[%clk 0:15:31]} Ne8 {[%clk 0:13:49]} 13. a3 {[%clk 0:15:21]}
f5 {[%clk 0:13:43]} 14. f3 {[%clk 0:15:20]} Bd7 {[%clk 0:12:39]} 15. b4 {[%clk
0:15:11]} Nb7 {[%clk 0:12:34]} 16. Nb3 {[%clk 0:10:44]} a4 {[%clk 0:12:23]} 17.
Nc1 {[%clk 0:10:47]} f4 {[%clk 0:12:24]} 18. Bf2 {[%clk 0:10:51]} g5 {[%clk
0:12:29]} 19. Nd3 {[%clk 0:10:55]} h5 {[%clk 0:12:32]} 20. c5 {[%clk 0:10:58]}
bxc5 {[%clk 0:12:34]} 21. bxc5 {[%clk 0:11:02]} Nxc5 {[%clk 0:12:27]} 22. Nxc5
{[%clk 0:08:36]} dxc5 {[%clk 0:12:30]} 23. Bxc5 {[%clk 0:08:39]} Rf6 {[%clk
0:12:29]} 24. Bb5 {[%clk 0:08:22]} g4 {[%clk 0:12:14]} 25. Bxd7 {[%clk 0:08:03]}
Qxd7 {[%clk 0:12:16]} 26. Rab1 {[%clk 0:07:50]} Rg6 {[%clk 0:10:08]} 27. Qe2
{[%clk 0:06:24]} Nd6 {[%clk 0:09:31]} 28. Bxd6 {[%clk 0:03:12]} Qxd6 {[%clk
0:08:36]} 29. Nb5 {[%clk 0:02:50]} Qb6+ {[%clk 0:07:27]} 30. Kh1 {[%clk 0:02:52]}
Bf8 {[%clk 0:07:01]} 31. Rfc1 {[%clk 0:01:18]} Qa5 {[%clk 0:03:08]} 32. Nxc7
{[%clk 0:00:19]} Rc8 {[%clk 0:03:05]} 33. Nb5 {[%clk 0:00:09]} gxf3 {[%clk
0:02:47]} 34. gxf3 {[%clk 0:00:11]} Rc5 {[%clk 0:01:23]} 35. Rg1 {[%clk 0:00:06]}
Qb6 {[%clk 0:00:50]} 36. Rxg6+ {[%clk 0:00:10]} Qxg6 {[%clk 0:00:54]} 37. Rg1
{[%clk 0:00:13]} Qxg1+ {[%clk 0:00:23]} 38. Kxg1 {[%clk 0:00:17]} Rc1+ {[%clk
0:00:21]} 39. Kg2 {[%clk 0:00:21]} Bc5 {[%clk 0:00:20]} 40. Kh3 {[%clk 0:00:22]}
1-0

[Event "Campeonato de España Rapid 2017"]
[Site "Linares"]
[Date "2017.08.13"]
[Round "1"]
[White "Marino Bravo, Marco Antonio"]
[Black "Matnadze, Ana"]
[Result "0-1"]
[Board "30"]
[WhiteElo "1978"]
[WhiteCountry "ESP"]
[WhiteFideId "2206277"]
[WhiteEloChange "-2"]
[BlackTitle "IM"]
[BlackElo "2436"]
[BlackCountry "ESP"]
[BlackFideId "13601377"]
[BlackEloChange "1"]

1. d4 {[%clk 0:15:07]} Nf6 {[%clk 0:15:09]} 2. Bf4 {[%clk 0:15:10]} d6 {[%clk
0:15:13]} 3. e3 {[%clk 0:15:10]} g6 {[%clk 0:15:15]} 4. Nf3 {[%clk 0:14:56]} Bg7
{[%clk 0:15:19]} 5. Be2 {[%clk 0:14:54]} O-O {[%clk 0:15:21]} 6. h3 {[%clk
0:14:55]} Nbd7 {[%clk 0:15:21]} 7. O-O {[%clk 0:14:50]} c6 {[%clk 0:15:24]} 8. c4
{[%clk 0:14:39]} Re8 {[%clk 0:15:17]} 9. Bh2 {[%clk 0:14:41]} Qc7 {[%clk
0:14:45]} 10. c5 {[%clk 0:13:57]} Nf8 {[%clk 0:14:29]} 11. Nc3 {[%clk 0:13:31]}
Qd8 {[%clk 0:14:32]} 12. cxd6 {[%clk 0:13:08]} exd6 {[%clk 0:14:36]} 13. Rc1
{[%clk 0:12:58]} Bf5 {[%clk 0:14:01]} 14. b4 {[%clk 0:12:22]} a6 {[%clk 0:13:06]}
15. Bd3 {[%clk 0:11:20]} Bxd3 {[%clk 0:12:08]} 16. Qxd3 {[%clk 0:11:23]} d5
{[%clk 0:11:46]} 17. a4 {[%clk 0:11:09]} Ne4 {[%clk 0:11:35]} 18. Nd2 {[%clk
0:10:15]} f5 {[%clk 0:11:07]} 19. Nb3 {[%clk 0:08:09]} Qe7 {[%clk 0:10:30]} 20.
Nc5 {[%clk 0:07:15]} a5 {[%clk 0:09:05]} 21. b5 {[%clk 0:06:06]} Nxc5 {[%clk
0:08:48]} 22. dxc5 {[%clk 0:06:09]} Ne6 {[%clk 0:07:32]} 23. Bd6 {[%clk 0:05:52]}
Nxc5 {[%clk 0:07:17]} 24. Bxc5 {[%clk 0:05:03]} Qxc5 {[%clk 0:07:20]} 25. bxc6
{[%clk 0:05:06]} bxc6 {[%clk 0:07:23]} 26. Ne2 {[%clk 0:04:11]} Qd6 {[%clk
0:07:09]} 27. Rc2 {[%clk 0:04:08]} Rec8 {[%clk 0:06:05]} 28. Rfc1 {[%clk
0:04:10]} c5 {[%clk 0:04:47]} 29. Nf4 {[%clk 0:04:13]} d4 {[%clk 0:04:30]} 30. g3
{[%clk 0:03:41]} Rab8 {[%clk 0:04:21]} 31. exd4 {[%clk 0:03:28]} Qxd4 {[%clk
0:03:46]} 32. Qxd4 {[%clk 0:03:23]} Bxd4 {[%clk 0:03:50]} 33. Ne6 {[%clk
0:03:27]} Bb2 {[%clk 0:03:38]} 34. Rb1 {[%clk 0:03:18]} Ba3 {[%clk 0:03:40]} 35.
Rd1 {[%clk 0:02:45]} c4 {[%clk 0:03:19]} 36. Rd7 {[%clk 0:02:34]} c3 {[%clk
0:02:59]} 37. Ng5 {[%clk 0:02:11]} Bf8 {[%clk 0:02:09]} 38. Nxh7 {[%clk 0:02:06]}
Bg7 {[%clk 0:02:13]} 39. Ng5 {[%clk 0:02:01]} Rb2 {[%clk 0:02:16]} 40. Rc1 {[%clk
0:01:14]} c2 {[%clk 0:02:19]} 41. Kg2 {[%clk 0:01:18]} Bf6 {[%clk 0:02:04]} 42.
Nh7 {[%clk 0:01:07]} Be5 {[%clk 0:02:02]} 43. f4 {[%clk 0:00:16]} Bg7 {[%clk
0:02:05]} 0-1

[Event "Campeonato de España Rapid 2017"]
[Site "Linares"]
[Date "2017.08.13"]
[Round "1"]
[White "Perez Mitjans, Orelvis"]
[Black "Garcia Gonzalez, Omar"]
[Result "1-0"]
[Board "31"]
[WhiteTitle "GM"]
[WhiteElo "2435"]
[WhiteCountry "ESP"]
[WhiteFideId "3502856"]
[WhiteEloChange "1"]
[BlackElo "1958"]
[BlackCountry "ESP"]
[BlackFideId "2206650"]
[BlackEloChange "-2"]

1. e4 {[%clk 0:15:05]} c5 {[%clk 0:15:05]} 2. Nf3 {[%clk 0:15:05]} d6 {[%clk
0:15:05]} 3. Bb5+ {[%clk 0:15:05]} Bd7 {[%clk 0:15:05]} 4. c4 {[%clk 0:15:05]} g6
{[%clk 0:15:05]} 5. d4 {[%clk 0:15:05]} cxd4 {[%clk 0:15:05]} 6. Nxd4 {[%clk
0:15:05]} Bg7 {[%clk 0:15:05]} 7. Nc3 {[%clk 0:15:05]} Nf6 {[%clk 0:15:05]} 8. f3
{[%clk 0:15:05]} O-O {[%clk 0:15:05]} 9. Be3 {[%clk 0:15:05]} a6 {[%clk 0:15:05]}
10. Bxd7 {[%clk 0:15:05]} Nbxd7 {[%clk 0:15:05]} 11. Qd2 {[%clk 0:15:05]} Rc8
{[%clk 0:15:05]} 12. b3 {[%clk 0:15:05]} Qa5 {[%clk 0:15:05]} 13. Rc1 {[%clk
0:15:05]} Rfe8 {[%clk 0:15:05]} 14. O-O {[%clk 0:15:05]} Ne5 {[%clk 0:15:05]} 15.
Rc2 {[%clk 0:15:05]} Rc7 {[%clk 0:15:05]} 16. Rb1 {[%clk 0:15:05]} Rcc8 {[%clk
0:15:05]} 17. h3 {[%clk 0:15:05]} Qc7 {[%clk 0:15:05]} 18. Nd5 {[%clk 0:15:05]}
Nxd5 {[%clk 0:15:05]} 19. cxd5 {[%clk 0:15:05]} Qd7 {[%clk 0:15:05]} 20. f4
{[%clk 0:15:05]} Rxc2 {[%clk 0:15:05]} 21. Qxc2 {[%clk 0:15:05]} Rc8 {[%clk
0:15:05]} 22. Qe2 {[%clk 0:15:05]} f5 {[%clk 0:15:05]} 23. fxe5 {[%clk 0:15:05]}
dxe5 {[%clk 0:15:05]} 24. Ne6 {[%clk 0:15:05]} Bf6 {[%clk 0:15:05]} 25. Rc1
{[%clk 0:15:05]} fxe4 {[%clk 0:15:05]} 26. Rxc8+ {[%clk 0:15:05]} Qxc8 {[%clk
0:15:05]} 27. Qc4 {[%clk 0:15:05]} Qd7 {[%clk 0:15:05]} 28. Nc5 {[%clk 0:15:05]}
b5 {[%clk 0:14:48]} 29. Nxd7 {[%clk 0:14:58]} bxc4 {[%clk 0:14:48]} 30. bxc4
{[%clk 0:14:52]} Kf7 {[%clk 0:14:48]} 31. Nc5 {[%clk 0:14:23]} a5 {[%clk
0:14:48]} 32. a4 {[%clk 0:14:23]} Ke8 {[%clk 0:14:42]} 33. Nxe4 {[%clk 0:14:23]}
Bg7 {[%clk 0:14:23]} 34. c5 {[%clk 0:14:23]} Kd7 {[%clk 0:14:23]} 35. Bd2 {[%clk
0:14:15]} e6 {[%clk 0:14:23]} 36. c6+ {[%clk 0:14:15]} Kc8 {[%clk 0:14:05]} 37.
d6 {[%clk 0:14:15]} 1-0

[Event "Campeonato de España Rapid 2017"]
[Site "Linares"]
[Date "2017.08.13"]
[Round "2"]
[White "Gutierrez Olivares, Daniel"]
[Black "Anton Guijarro, David"]
[Result "0-1"]
[Board "1"]
[WhiteTitle "FM"]
[WhiteElo "2269"]
[WhiteCountry "ESP"]
[WhiteFideId "2264005"]
[WhiteEloChange "-2"]
[BlackTitle "GM"]
[BlackElo "2715"]
[BlackCountry "ESP"]
[BlackFideId "2285525"]
[BlackEloChange "1"]

1. e4 {[%clk 0:14:55]} c6 {[%clk 0:14:54]} 2. Qe2 {[%clk 0:14:52]} d5 {[%clk
0:14:32]} 3. d3 {[%clk 0:14:54]} g6 {[%clk 0:14:27]} 4. Nf3 {[%clk 0:14:35]} Bg7
{[%clk 0:14:30]} 5. g3 {[%clk 0:14:38]} Nf6 {[%clk 0:13:43]} 6. Bg2 {[%clk
0:14:30]} O-O {[%clk 0:13:45]} 7. O-O {[%clk 0:14:26]} c5 {[%clk 0:13:22]} 8. Re1
{[%clk 0:13:52]} Nc6 {[%clk 0:13:22]} 9. e5 {[%clk 0:13:18]} Ne8 {[%clk 0:13:20]}
10. c3 {[%clk 0:12:40]} Nc7 {[%clk 0:13:22]} 11. Nbd2 {[%clk 0:12:28]} b6 {[%clk
0:12:55]} 12. h3 {[%clk 0:10:46]} a5 {[%clk 0:12:52]} 13. Nf1 {[%clk 0:10:46]} a4
{[%clk 0:12:47]} 14. a3 {[%clk 0:10:42]} Na5 {[%clk 0:12:28]} 15. Be3 {[%clk
0:10:20]} Nb3 {[%clk 0:12:31]} 16. Rad1 {[%clk 0:10:24]} d4 {[%clk 0:12:18]} 17.
cxd4 {[%clk 0:09:37]} cxd4 {[%clk 0:12:21]} 18. Bg5 {[%clk 0:09:08]} Ne6 {[%clk
0:11:29]} 19. Bd2 {[%clk 0:09:05]} Ra7 {[%clk 0:09:35]} 20. Bb4 {[%clk 0:09:08]}
Nbc5 {[%clk 0:09:32]} 21. N3d2 {[%clk 0:08:46]} Na6 {[%clk 0:09:35]} 22. f4
{[%clk 0:08:01]} Nec5 {[%clk 0:09:39]} 23. Bxc5 {[%clk 0:07:24]} Nxc5 {[%clk
0:09:34]} 24. g4 {[%clk 0:06:55]} Bh6 {[%clk 0:08:33]} 25. Qf3 {[%clk 0:06:12]}
Bb7 {[%clk 0:07:34]} 26. Ne4 {[%clk 0:06:14]} Bxe4 {[%clk 0:07:07]} 27. dxe4
{[%clk 0:06:15]} Ra5 {[%clk 0:06:50]} 28. Ne3 {[%clk 0:04:44]} Rb5 {[%clk
0:05:59]} 29. Qe2 {[%clk 0:04:48]} d3 {[%clk 0:05:43]} 30. Qf2 {[%clk 0:04:51]}
Qd4 {[%clk 0:05:37]} 31. Rd2 {[%clk 0:03:50]} e6 {[%clk 0:04:37]} 32. g5 {[%clk
0:03:43]} Bg7 {[%clk 0:04:41]} 33. Kh2 {[%clk 0:02:56]} Rd8 {[%clk 0:04:06]} 34.
Qh4 {[%clk 0:02:12]} Rxb2 {[%clk 0:03:36]} 35. Rxb2 {[%clk 0:01:47]} Qxb2 {[%clk
0:03:39]} 36. Ng4 {[%clk 0:01:12]} Qc2 {[%clk 0:03:37]} 37. Nf6+ {[%clk 0:01:03]}
Kf8 {[%clk 0:03:05]} 38. Qxh7 {[%clk 0:01:06]} d2 {[%clk 0:02:46]} 39. Re2 {[%clk
0:00:45]} d1Q {[%clk 0:02:36]} 40. Rxc2 {[%clk 0:00:48]} Qxc2 {[%clk 0:02:39]}
41. Qg8+ {[%clk 0:00:52]} Ke7 {[%clk 0:02:43]} 42. Qxg7 {[%clk 0:00:51]} Rd2
{[%clk 0:02:06]} 43. Ng8+ {[%clk 0:00:51]} Kd8 {[%clk 0:02:01]} 44. Qf8+ {[%clk
0:00:51]} Kc7 {[%clk 0:02:04]} 45. Qxf7+ {[%clk 0:00:38]} Nd7 {[%clk 0:02:05]}
0-1

[Event "Campeonato de España Rapid 2017"]
[Site "Linares"]
[Date "2017.08.13"]
[Round "2"]
[White "Martinez Rodriguez, Pablo"]
[Black "Fedorchuk, Sergey A."]
[Result "0-1"]
[Board "3"]
[WhiteTitle "FM"]
[WhiteElo "2264"]
[WhiteCountry "ESP"]
[WhiteFideId "2205467"]
[WhiteEloChange "-2"]
[BlackTitle "GM"]
[BlackElo "2678"]
[BlackCountry "UKR"]
[BlackFideId "14102536"]
[BlackEloChange "1"]

1. d4 {[%clk 0:15:05]} Nf6 {[%clk 0:15:06]} 2. Nf3 {[%clk 0:15:07]} e6 {[%clk
0:15:09]} 3. Bf4 {[%clk 0:15:00]} Be7 {[%clk 0:15:10]} 4. e3 {[%clk 0:15:01]} Nh5
{[%clk 0:15:11]} 5. c3 {[%clk 0:12:56]} Nxf4 {[%clk 0:14:35]} 6. exf4 {[%clk
0:12:58]} c5 {[%clk 0:14:25]} 7. d5 {[%clk 0:12:44]} Qb6 {[%clk 0:14:11]} 8. dxe6
{[%clk 0:10:59]} dxe6 {[%clk 0:13:38]} 9. Na3 {[%clk 0:10:32]} O-O {[%clk
0:12:13]} 10. Nc4 {[%clk 0:10:33]} Qc7 {[%clk 0:12:16]} 11. g3 {[%clk 0:10:13]}
b5 {[%clk 0:10:14]} 12. Ncd2 {[%clk 0:10:04]} a6 {[%clk 0:09:36]} 13. Bg2 {[%clk
0:10:00]} Bb7 {[%clk 0:09:39]} 14. O-O {[%clk 0:10:01]} Nd7 {[%clk 0:09:27]} 15.
Qc2 {[%clk 0:08:46]} c4 {[%clk 0:09:19]} 16. Ne4 {[%clk 0:08:33]} h6 {[%clk
0:09:08]} 17. Rfe1 {[%clk 0:07:14]} Bd5 {[%clk 0:08:54]} 18. Rad1 {[%clk
0:05:56]} Qb7 {[%clk 0:08:38]} 19. Ne5 {[%clk 0:05:00]} Nb6 {[%clk 0:07:54]} 20.
Bh3 {[%clk 0:04:41]} Rad8 {[%clk 0:07:55]} 21. Rd4 {[%clk 0:03:56]} f5 {[%clk
0:07:50]} 22. Ng6 {[%clk 0:02:27]} fxe4 {[%clk 0:07:18]} 23. Rxd5 {[%clk
0:02:26]} exd5 {[%clk 0:07:01]} 0-1

[Event "Campeonato de España Rapid 2017"]
[Site "Linares"]
[Date "2017.08.13"]
[Round "2"]
[White "Salgado Lopez, Ivan"]
[Black "Ibanez Aullana, Ramon"]
[Result "1-0"]
[Board "4"]
[WhiteTitle "GM"]
[WhiteElo "2666"]
[WhiteCountry "ESP"]
[WhiteFideId "2257327"]
[WhiteEloChange "1"]
[BlackTitle "FM"]
[BlackElo "2263"]
[BlackCountry "ESP"]
[BlackFideId "2207532"]
[BlackEloChange "-2"]

1. Nf3 {[%clk 0:15:07]} Nf6 {[%clk 0:14:21]} 2. b3 {[%clk 0:15:09]} d6 {[%clk
0:14:15]} 3. Bb2 {[%clk 0:15:06]} e5 {[%clk 0:14:09]} 4. g3 {[%clk 0:15:03]} c5
{[%clk 0:13:28]} 5. Bg2 {[%clk 0:14:53]} Nc6 {[%clk 0:13:29]} 6. O-O {[%clk
0:14:49]} g6 {[%clk 0:13:28]} 7. c4 {[%clk 0:14:12]} Bg7 {[%clk 0:13:30]} 8. d3
{[%clk 0:14:10]} O-O {[%clk 0:13:32]} 9. Nc3 {[%clk 0:14:08]} Rb8 {[%clk
0:13:07]} 10. e3 {[%clk 0:13:40]} a6 {[%clk 0:13:00]} 11. Ng5 {[%clk 0:13:37]}
Ne8 {[%clk 0:12:37]} 12. f4 {[%clk 0:13:20]} h6 {[%clk 0:12:05]} 13. Nf3 {[%clk
0:13:15]} exf4 {[%clk 0:11:50]} 14. gxf4 {[%clk 0:13:17]} Nf6 {[%clk 0:11:13]}
15. Qd2 {[%clk 0:13:16]} Re8 {[%clk 0:11:13]} 16. Rae1 {[%clk 0:13:05]} Bg4
{[%clk 0:10:25]} 17. h3 {[%clk 0:12:43]} Bd7 {[%clk 0:08:24]} 18. e4 {[%clk
0:12:08]} b5 {[%clk 0:08:02]} 19. e5 {[%clk 0:10:32]} dxe5 {[%clk 0:07:01]} 20.
fxe5 {[%clk 0:10:31]} Nh5 {[%clk 0:06:59]} 21. Ne4 {[%clk 0:10:29]} Nxe5 {[%clk
0:05:40]} 22. Nxe5 {[%clk 0:10:24]} Rxe5 {[%clk 0:05:40]} 23. Bxe5 {[%clk
0:09:19]} Bxe5 {[%clk 0:05:43]} 24. Qxh6 {[%clk 0:09:21]} Qh4 {[%clk 0:04:40]}
25. Qg5 {[%clk 0:07:44]} Qxg5 {[%clk 0:02:32]} 26. Nxg5 {[%clk 0:07:45]} Bf6
{[%clk 0:01:43]} 27. Bd5 {[%clk 0:06:57]} Rf8 {[%clk 0:01:17]} 28. Nxf7 {[%clk
0:06:21]} Rxf7 {[%clk 0:01:17]} 29. Re7 {[%clk 0:06:08]} 1-0